Marketing of a professional service. (Record no. 97287)
[ view plain ]
| 000 -LEADER | |
|---|---|
| fixed length control field | 00476cam a2200169 4500 |
| 001 - CONTROL NUMBER | |
| control field | D11758 |
| 008 - FIXED-LENGTH DATA ELEMENTS--GENERAL INFORMATION | |
| fixed length control field | 090401t xxu||||| |||| 00| 0 eng d |
| 035 ## - SYSTEM CONTROL NUMBER | |
| System control number | (Sirsi) u88015 |
| 041 ## - LANGUAGE CODE | |
| Language code of text/sound track or separate title | eng |
| 050 ## - LIBRARY OF CONGRESS CALL NUMBER | |
| Classification number | RICS 1981/22ABD |
| 100 ## - MAIN ENTRY--PERSONAL NAME | |
| Personal name | Watts, Ted |
| 245 ## - TITLE STATEMENT | |
| Title | Marketing of a professional service. |
| 350 ## - PRICE (NR) (BK AM CF MU VM SE) [OBSOLETE] | |
| Price | 0 |
| 520 ## - SUMMARY, ETC. | |
| Summary, etc. | In RICS Building Surveyors` Division. Weekend briefing, University of Warwick, 27 - 29 March 1981. 1981/22 ABD |
| 942 ## - ADDED ENTRY ELEMENTS (KOHA) | |
| Suppress in OPAC | 0 |
| 948 ## - LOCAL PROCESSING INFORMATION (OCLC); SERIES PART DESIGNATOR (RLIN) | |
| c (OCLC) | 04/03/1997 |
| Withdrawn status | Lost status | Source of classification or shelving scheme | Damaged status | Not for loan | Home library | Current library | Shelving location | Date acquired | Total Checkouts | Full call number | Barcode | Date last seen | Copy number | Price effective from | Koha item type |
|---|---|---|---|---|---|---|---|---|---|---|---|---|---|---|---|
| Other/Generic Classification Scheme | London | London | RICS Boxes | 14/09/1999 | RICS 1981/22 | 30005305 | 06/08/2019 | 1 | 06/08/2019 | Book |